| 000 -LEADER |
| fixed length control field |
00803nam a2200241Ia 4500 |
| 001 - CONTROL NUMBER |
| control field |
10757 |
| 003 - CONTROL NUMBER IDENTIFIER |
| control field |
GE_BSU |
| 008 - FIXED-LENGTH DATA ELEMENTS--GENERAL INFORMATION |
| fixed length control field |
181216s||||||||xx |||||||||||||| ||und|| |
| 020 ## - INTERNATIONAL STANDARD BOOK NUMBER |
| International Standard Book Number |
9994076450 |
| 040 ## - CATALOGING SOURCE |
| Transcribing agency |
GE_BSU |
| 100 ## - MAIN ENTRY--PERSONAL NAME |
| Personal name |
სურგულაძე,ლამარა |
| 245 ## - TITLE STATEMENT |
| Title |
კომპიუტერული დანაშაული |
| 245 ## - TITLE STATEMENT |
| Remainder of title |
კომენტარი. |
| 245 ## - TITLE STATEMENT |
| Statement of responsibility, etc. |
რედ:ზაზა ნანობაშვილი. |
| 260 ## - PUBLICATION, DISTRIBUTION, ETC. |
| Place of publication, distribution, etc. |
თბილისი |
| 260 ## - PUBLICATION, DISTRIBUTION, ETC. |
| Name of publisher, distributor, etc. |
ბონა კაუზა |
| 260 ## - PUBLICATION, DISTRIBUTION, ETC. |
| Date of publication, distribution, etc. |
2003 |
| 300 ## - PHYSICAL DESCRIPTION |
| Extent |
74გვ;20სმ. |
| 300 ## - PHYSICAL DESCRIPTION |
| Other physical details |
ბიბლიოგრ.გვ:71-72. |
| 653 ## - INDEX TERM--UNCONTROLLED |
| Uncontrolled term |
კომპიუტერული დანაშაული:კომენტარი. |
| 942 ## - ADDED ENTRY ELEMENTS (KOHA) |
| Koha item type |
წიგნი |